| 000 -CABECERA |
| Longitud fija campo de control |
01361nim a2200373 a 4500 |
| 001 - NÚMERO DE CONTROL |
| Número de control |
991015306869706706 |
| 003 - IDENTIFICADOR DEL NÚMERO DE CONTROL |
| Identificador del número de control |
OSt |
| 005 - FECHA Y HORA DE LA ÚLTIMA TRANSACCIÓN |
| Fecha y hora de la última transacción |
20211227145216.0 |
| 007 - CAMPO FIJO DE DESCRIPCIÓN FÍSICA |
| Campo fijo de descripción f&íacute;sica |
s| ||||||||||| |
| 008 - CÓDIGOS DE INFORMACIÓN DE LONGITUD FIJA |
| Códigos de información de longitud fija |
021210s2001 sp |||||| | cat|c |
| 017 ## - NÚMERO DE COPYRIGHT O DE DEPÓSITO LEGAL |
| Número de copyright o de depósito legal |
DL M. 52089-2001 |
| 035 ## - NÚMERO DE CONTROL DEL SISTEMA |
| Número de control del sistema |
(ES-BaCBU).b28774826 |
| 035 ## - NÚMERO DE CONTROL DEL SISTEMA |
| Número de control del sistema |
(OCoLC)807887684 |
| 040 ## - FUENTE DE LA CATALOGACIÓN |
| Centro catalogador de origen |
ES-BaCBU |
| Lengua de catalogación |
cat |
| Centro transcriptor |
CDMR |
| 043 ## - CÓDIGO DE ÁREA GEOGRÁFICA |
| Código de área geográfica |
e-sp--- |
| Código local GAC |
e-spc--- |
| Fuente del código local |
catmarc |
| 080 ## - NÚMERO DE LA CLASIFICACIÓN DECIMAL UNIVERSAL |
| Número de la Clasificación Decimal Universal |
654.191(467.1)(086.76) |
| 245 00 - MENCIÓN DE TÍTULO |
| Título |
Rne. 4 |
| Medio |
[Enregistrament sonor] : |
| Resto del título |
25 anys a Catalunya : 1976-2001 : segur que et sona / |
| Mención de responsabilidad, etc. |
muntatge: Pere Ribera ; guió: Pere Font Grasa ; locució: Pilar Sampietro |
| 260 ## - PUBLICACIÓN, DISTRIBUCIÓN, ETC. (PIE DE IMPRENTA) |
| Lugar de publicación, distribución, etc. |
[Madrid : |
| Nombre del editor, distribuidor, etc. |
Radio Nacional de España], |
| Fecha de publicación, distribución, etc. |
DL 2001 |
| 300 ## - DESCRIPCIÓN FÍSICA |
| Extensión |
2 discos sonors (CD) (78, 77 min) : |
| Otras características físicas |
estèreo; |
| Dimensiones |
12 cm |
| 500 ## - NOTA GENERAL |
| Nota general |
Commemoració del 25è aniversari de Ràdio Nacional d'Espanya a Catalunya (R4) |
| 505 8# - NOTA DE CONTENIDO CON FORMATO |
| Nota de contenido con formato |
Conté fragments de programes |
| 610 20 - PUNTO DE ACCESO ADICIONAL DE MATERIA - NOMBRE DE ENTIDAD CORPORATIVA |
| Nombre de entidad corporativa o nombre de jurisdicción como elemento inicial |
Ràdio 4 |
| Fuente de encabezamiento o término |
lemac |
| 9 (RLIN) |
3699 |
| 650 #0 - PUNTO DE ACCESO ADICIONAL DE MATERIA - TÉRMINO DE MATERIA |
| 9 (RLIN) |
3105 |
| Término de materia o nombre geográfico como elemento inicial |
Radiodifusió |
| Subdivisión geográfica |
Catalunya |
| Subdivisión de materia general |
Història |
| 700 1# - PUNTO DE ACCESO ADICIONAL - NOMBRE DE PERSONA |
| Nombre de persona |
Ribera, Pere. |
| 700 1# - PUNTO DE ACCESO ADICIONAL - NOMBRE DE PERSONA |
| Nombre de persona |
Font Grasa, Pere. |
| 700 1# - PUNTO DE ACCESO ADICIONAL - NOMBRE DE PERSONA |
| Nombre de persona |
Sampietro, Pilar. |
| 710 2# - PUNTO DE ACCESO ADICIONAL - NOMBRE DE ENTIDAD |
| Nombre de entidad o nombre de jurisdicción como elemento inicial |
Radio Nacional de España. |
| 740 0# - PUNTO DE ACCESO ADICIONAL - TÍTULO RELACIONADO O ANALÍTICO NO CONTROLADO |
| Título relacionado o analítico no controlado |
25 anys a Catalunya |
| 740 0# - PUNTO DE ACCESO ADICIONAL - TÍTULO RELACIONADO O ANALÍTICO NO CONTROLADO |
| Título relacionado o analítico no controlado |
Vint-i-cinc anys a Catalunya |
| 907 ## - ELEMENTO G DATOS LOCALES, GDL (RLIN) |
| a |
.b28774826 |
| b |
25-06-21 |
| c |
08-05-08 |
| d |
10-12-02 |
| e |
m |
| f |
j |
| g |
- |
| h |
cat |
| i |
sp |
| j |
0 |
| k |
3 |
| 908 ## - CONTROL DE PARÁMETROS (RLIN) |
| Parametro de comando lanzado |
UAB |
| -- |
UPF |
| -- |
GEPA |
| 940 ## - |
| T&íacute;tulo uniforme |
<a href="UAB">UAB</a> |
| 942 ## - ENTRADA DE ELEMENTOS AGREGADOS (KOHA) |
| Fuente de clasificaión o esquema |
|
| Koha [por defecto] tipo de item |
Materials audiovisuals |